Statistics for Countries with Short Names (one minute map sprint)

Click here to take the quiz!

General Stats

  • This quiz has been taken 38 times
  • The average score is 182 of 196

Answers on the Map

Answers color-coded by a green-red scale on the quiz's map according to % correct below.
 

Answer Stats

Country% Correct
x
100%
Chad
84%
Egypt
80%
Mali
80%
Peru
80%
Niger
76%
Benin
72%
China
72%
Libya
72%
Togo
72%
Ghana
68%
Iran
64%
Iraq
64%
Sudan
64%
India
60%
Oman
60%
Chile
56%
Fiji
56%
Japan
56%
Laos
56%
Spain
56%
Haiti
52%
Italy
52%
Cuba
48%
Gabon
48%
Kenya
48%
Nauru
48%
Nepal
48%
Samoa
48%
Yemen
48%
Palau
44%
Qatar
44%
Tonga
44%
Malta
40%
Syria
36%

Score Distribution

Percentile by Number Answered

Percent of People with Each Score

Your Score History

You have not taken this quiz